Faites glisser vos doigts - Statistiques

Statistiques générales
  • Ce quiz a été pris 256 fois
  • Le résultat moyen est 12 sur 30
Statistiques - réponses
Recopiez ceci... ... % Correct
azertyuiop azertyuiop
100%
mlkjhgfdsq mlkjhgfdsq
94%
azertyuiop azertyuiop
88%
mlkjhgfdsq mlkjhgfdsq
77%
azertyuiop azertyuiop
74%
mlkjhgfdsq mlkjhgfdsq
64%
azertyuiop azertyuiop
58%
mlkjhgfdsq mlkjhgfdsq
55%
azertyuiop azertyuiop
54%
mlkjhgfdsq mlkjhgfdsq
50%
azertyuiop azertyuiop
48%
mlkjhgfdsq mlkjhgfdsq
44%
azertyuiop azertyuiop
42%
mlkjhgfdsq mlkjhgfdsq
39%
azertyuiop azertyuiop
36%
mlkjhgfdsq mlkjhgfdsq
34%
azertyuiop azertyuiop
32%
mlkjhgfdsq mlkjhgfdsq
26%
azertyuiop azertyuiop
25%
mlkjhgfdsq mlkjhgfdsq
20%
azertyuiop azertyuiop
18%
azertyuiop azertyuiop
15%
mlkjhgfdsq mlkjhgfdsq
15%
mlkjhgfdsq mlkjhgfdsq
14%
azertyuiop azertyuiop
12%
azertyuiop azertyuiop
9%
mlkjhgfdsq mlkjhgfdsq
9%
azertyuiop azertyuiop
8%
mlkjhgfdsq mlkjhgfdsq
8%
mlkjhgfdsq mlkjhgfdsq
6%
Aucun quiz correspondant
Distribution des résultats
% des personnes avec chaque résultat
Percentile par nombre de réponses
Votre historique - résultats
Vous n’avez pas pris ce quiz